Harry Styles - Woman (All Lyrics) - Statistics

General Stats
  • This quiz has been taken 642 times
  • The average score is 135 of 168
Answer Stats
Answer % Correct
Chorus | Outro Woman
99%
woman
99%
I
94%
(la
94%
la
94%
la)
94%
(La
94%
a
93%
see
93%
you
91%
know
89%
Verse 1 I'm
88%
Intro Should
88%
should
88%
and
87%
And
87%
on
87%
the
87%
to
87%
we
87%
what
86%
But
84%
but
84%
just
84%
selfish
84%
don't
83%
Netflix
83%
want
82%
with
82%
your
82%
Your
82%
can
81%
search
81%
comedies
80%
find?
80%
him
80%
in
80%
me
80%
romantic
80%
be
79%
then
79%
hope
78%
never
77%
that
77%
ever
76%
he's
76%
He's
76%
skin
75%
touching
75%
where
75%
listen
74%
While
73%
your're
73%
shape
72%
right
71%
making
69%
told
67%
bleed
65%
this
64%
This
64%
like
62%
are
60%
fix
56%
flower
54%
gonna
54%
I've
53%
Apologies
52%
broken
52%
thing
52%
been
50%
empty
50%
promises
49%
feast
47%
upon
47%
Wo-woman
45%
beast
43%
howls
37%
stitches
35%
(Hey!)
27%
Verse 2 Temted
10%
(ah
9%
ah)
9%
No matching quizzes found
Score Distribution
Percent of People with Each Score
Percentile by Number Answered
Your Score History
You have not taken this quiz